| 000 | 01061nam a2200253 a 4500 | ||
|---|---|---|---|
| 001 | 46963 | ||
| 003 | BD-RjUL | ||
| 005 | 20211209054234.0 | ||
| 008 | 160806s1993 ii |||| ||| 000 0 ben d | ||
| 020 | _c: Tk. 25.00 | ||
| 035 | _a(BD-RjUL)47082 | ||
| 040 |
_aBD-RjUL _bben _cBD-RjUL _dBD-RjUL |
||
| 041 | _aben | ||
| 082 |
_223 _a320 _bBAA 1993 |
||
| 100 | 1 |
_aবার্কার, আর্নেস্ট _9143051 |
|
| 245 | 1 | 0 |
_aঅ্যারিস্টটলের পলিটিক্স্ / _cআর্নেস্ট বার্কার ; অনুবাদ :নির্মলকান্তি মজুমদার |
| 250 | _a৩ য় সং. | ||
| 260 |
_aকলকাতা : _bপশ্চমবঙ্গ রাজ্য পুস্তক পর্সৎ, _c১৯৯৩ |
||
| 300 |
_a৪৩২ পৃ. ; _c21 সেমি. |
||
| 650 |
_aরাষ্ট্রবিজ্ঞান _9143052 |
||
| 650 |
_aPolitical Science _9143053 |
||
| 700 |
_aমজুমদার, নির্মলকান্তি _9143054 |
||
| 942 |
_2ddc _cBK |
||
| 999 |
_c46963 _d46963 |
||